Psicolingüística

Đã lưu trong:
Chi tiết về thư mục
Tác giả chính: Valle Arroyo, Francisco (Tác giả)
Định dạng: Sách
Ngôn ngữ:Tiếng Tây Ban Nha
Được phát hành: Madrid Morata 1992
Phiên bản:2a. ed
Loạt:Psicología. Manuales
Những chủ đề:
Các nhãn: Thêm thẻ
Không có thẻ, Là người đầu tiên thẻ bản ghi này!

MARC

LEADER 00000nam a2200000 a 4500
001 UCK2720
003 CL-VaPUC
008 050318e19920000SP |||||||||||||||||spa|d
020 |a 8471123533 
082 0 4 |a 401.9  |b VAL  |2 21 
100 0 |a Valle Arroyo, Francisco  |e author  |9 490677 
245 1 0 |a Psicolingüística 
250 |a 2a. ed 
300 |a 234 p 
942 |c BK 
945 |d 20050318 00:00:00  |a cmena 
260 |a Madrid  |b Morata  |c 1992 
650 0 |a Investigación lingüística  |9 329785 
650 0 |a Comprensión de lectura  |9 307588 
650 0 |a Cognición   |9 270347 
583 |a last modification  |c 20050318 00:00:00  |k Rodrigo Vera 
490 0 |a Psicología. Manuales 
999 |c 312182  |d 312180 
952 |0 0  |1 0  |4 0  |6 401_900000000000000_VAL_1992  |7 0  |8 A  |9 382091  |a BIBEDU  |b BIBEDU  |d 2019-11-21  |i 4098390  |o 401.9 VAL 1992  |p 4098390  |r 2019-11-21  |w 2019-11-21  |y BK  |k EDI